| 000 | 01862nam a2200397Ic 4500 | ||
|---|---|---|---|
| 001 | 58922 | ||
| 003 | CO-BoRNBP | ||
| 005 | 20250829193023.0 | ||
| 007 | ta | ||
| 008 | 121119s2011 mx a g 000 1 spa | ||
| 020 | _a9789583801686 | ||
| 040 |
_aCO-BoRNBP _bspa _erda _cCO-BoRNBP |
||
| 041 | _aspa | ||
| 084 | _aA | ||
| 100 |
_aBrowne, Anthony _d1946- _eaut |
||
| 245 | 1 | 0 |
_aCambios / _cAnthony Browne ; traducción de Carmen Esteva ; editor Daniel Goldin. |
| 250 | _aEdición especial para el Ministerio de Cultura | ||
| 264 | 1 |
_aMéxico : _bFondo de Cultura Económica, _c2011 |
|
| 300 |
_a[28] páginas sin enumerar : _bilustraciones en color |
||
| 336 |
_atexto _btxt _2rdacontent |
||
| 337 |
_asin mediación _bn _2rdamedia |
||
| 338 |
_avolumen _bnc _2rdacarrier |
||
| 490 | 0 | _aLeer es mi cuento | |
| 490 | 0 | _aLos especiales de a la orilla del viento | |
| 520 | _aSiempre Anthony Browne nos ha sorprendido con su estilo de ilustración en que suele entremezclar referencias a famosas escuelas de pintura o incluso artistas; en este libro en especial podemos hallar un tipo de narración visual con fuerte tendencia surrealista, que en cierta forma aspira a significar los fuertes cambios que para un niño implica la llegada de un nuevo hermanito al hogar | ||
| 521 | _aRecomendado para niños de 8 a 10 años | ||
| 534 | _tChanges | ||
| 650 | 0 | 4 |
_aÁlbumes infantiles ingleses _ySiglo XX _2LEMB _9700 |
| 650 | 0 | 7 |
_aImaginación en la literatura _2lemb _9890 |
| 650 | 0 | 4 |
_aLiteratura infantil inglesa _ySiglo XX _2LEMB _9701 |
| 650 | 0 | 0 |
_aFamilia en la literatura _2LEMB _91235 |
| 700 |
_aEsteva, Carmen _etrl |
||
| 700 |
_aGoldin, Danie, _deditor _eedt _964407 |
||
| 830 | 0 |
_aColección para la Primera Infancia del Ministerio de Cultura, Plan Nacional de Lectura y Escritura Leer es mi cuento, Primera Infancia 2011 _962158 |
|
| 942 |
_2loc _cBKINF |
||
| 999 |
_c58922 _d58922 |
||